Prénom de 25 femmes célébres - Part II - Statistiques

Statistiques générales
  • Ce quiz a été pris 2 510 fois
  • Le résultat moyen est 14 sur 25
Statistiques - réponses
NOMS Prénom % Correct
Piaf Edith
100%
Cavell Edith
100%
Thatcher Margaret
88%
Calamity Jane
86%
Austen Jane
86%
Hepburn Audrey
82%
Yourcenar Marguerite
80%
Duras Marguerite
80%
Christie Agatha
74%
de Beauharnais Josephine
74%
Baker Josephine
74%
Dolto Françoise
67%
Kelly Grace
67%
Capulet Juliette
64%
Fitzgerald Ella
58%
d'Aquitaine Alienor
52%
Borgia Lucrece
35%
Bonny Anne
26%
Fossey Diane
26%
Mercouri Melina
22%
Blackwell Elizabeth
20%
Montessori Maria
20%
Nightingale Florence
18%
Duncan Isadora
15%
Levasseur Irma
3%
Aucun quiz correspondant
Distribution des résultats
% des personnes avec chaque résultat
Percentile par nombre de réponses
Votre historique - résultats
Vous n’avez pas pris ce quiz